00910cam a2200193 450000500170000000800410001702000150005805000200007310000340009324503510012725000110047826000470048930000290053650400320056550600150059765000360061265100280064870000400067620260218115145.0060516s2001 ag 000 0 spa u a987517040204aK3293bP43 20011 aPedicone de Valls, María G.10aDerecho electoral b : Democracia, representación y elecciones, Representación política de mayorías y minorías. Elementos de derecho electoral. Financiamiento de los partidos políticos. Normativa constitucional y legal. Representatividad, gobernabilidad y eficacia. c / María G. Pedicone de Valls ; prólogo de David A. Halperin. a1a ed. aBuenos Aires :bEdiciones La Rocca, c2001 a288 p. ; bil. ;c23 cm. aBibliografía : p. 283-288 aDonación 72lembaEleccionesxLegislación 72lembaDerecho comparado1 aHalperin, David A., epróloguista